|
|
|
|
| LEADER |
01097nam a2200205 a 4500 |
| 008 |
090909s2009 bg b 000 0 eng d |
| 020 |
|
|
|a 9789843304148
|
| 082 |
0 |
0 |
|a 320.4095492
|2 22
|
| 245 |
1 |
4 |
|a The state of governance in Bangladesh, 2008 :
|b confrontation, competition, accountability.
|
| 260 |
|
|
|a Dhaka :
|b Institute of Governance Studies, BRAC University,
|c 2009.
|
| 300 |
|
|
|a xxii, 172 p. ;
|c 30 cm.
|
| 504 |
|
|
|a Includes bibliographical references (p. 163-170).
|
| 541 |
1 |
|
|e 00019258
|
| 651 |
|
0 |
|a Bangladesh
|x Politics and government
|y 1971-
|
| 710 |
2 |
|
|a BRAC University.
|b Centre for Governance Studies.
|
| 710 |
2 |
|
|a BRAC.
|b Research and Evaluation Division.
|
| 852 |
4 |
|
|a Ayesha Abed Library
|j General Shelf.
|
| 999 |
|
|
|c 3992
|d 3992
|
| 952 |
|
|
|0 0
|1 0
|2 ddc
|4 0
|6 320_409549200000000_STA_2009
|7 0
|9 3682
|a BRACUL
|b BRACUL
|c GEN
|d 2009-09-30
|g 500.00
|l 3
|m 5
|o 320.4095492 STA
|p 3010019258
|r 2016-12-04
|s 2016-11-07
|t 1
|v 1000.00
|w 2009-09-30
|y BK
|
| 952 |
|
|
|0 0
|1 0
|2 ddc
|4 0
|6 320_409549200000000_STA_2009
|7 0
|9 7575
|a BRACUL
|b BRACUL
|c GEN
|d 2010-01-28
|l 1
|m 5
|o 320.4095492 STA
|p 3010019259
|r 2011-07-17
|s 2010-10-25
|t 2
|w 2010-01-28
|y BK
|